000 00395pab a2200157 454500
008 180718b2000 xxu||||| |||| 00| 0 eng d
100 _aSethi, Manpreet
245 _aCTBT and India's options
260 _c2000
300 _ap.1077-089
362 _aSep
650 _aNuclear nonproliferation - India
650 _aNuclear nonproliferation
773 _aStrategic Analysis
909 _a46055
999 _c46055
_d46055